| 000 | 00741aas a2200181 4500 | ||
|---|---|---|---|
| 999 |
_c50038 _d50038 |
||
| 001 | 768714001 | ||
| 003 | CO-MdFUSB | ||
| 005 | 20170905111714.0 | ||
| 008 | 170905b xxu||||| |||| 00| 0 eng d | ||
| 022 | _a0326-6737 | ||
| 040 |
_aCO-MdFUSB _bspa _cCO-MdFUSB _dCO-MdFUSB |
||
| 041 | _aspa | ||
| 100 | 1 |
_aRocco Tedesco, Diana R. _eautor |
|
| 245 | 1 | 0 |
_aUn episodio iconoclasta en la iglesia metodista Argentina (abril-setiembre de 1953) y la organización del ALMA (Asociación Laica Metodista de Argentina - 1954-1959) _c/ Rocco Tedesco, Diana R. |
| 300 |
_aVolumen 14. Número 2 (1995), páginas 93-109 _c: 23 cm. |
||
| 773 | 0 |
_tCuadernos de Teología _049404 _959705 _gVolumen 14. Número 2 (1995), páginas 93-109 _qPágina 93 |
|
| 942 | _cANA | ||